Thiết bị công nghiệp sản xuất và chế biến dầu mỡ tinh dầu
Gorde:
| Egile nagusia: | |
|---|---|
| Formatua: | Liburua |
| Hizkuntza: | Undetermined |
| Argitaratua: |
Trường Đại học công nghiệp nhẹ
1971
|
| Gaiak: | |
| Etiketak: |
Etiketa erantsi
Etiketarik gabe, Izan zaitez lehena erregistro honi etiketa jartzen!
|
| Thư viện lưu trữ: | Trung tâm Học liệu Trường Đại học Cần Thơ |
|---|
| LEADER | 00560nam a2200169Ia 4500 | ||
|---|---|---|---|
| 001 | CTU_23427 | ||
| 008 | 210402s9999 xx 000 0 und d | ||
| 082 | |a 621.815 | ||
| 082 | |b Th102 | ||
| 100 | |a Lê Văn Thạch | ||
| 245 | 0 | |a Thiết bị công nghiệp sản xuất và chế biến dầu mỡ tinh dầu | |
| 245 | 0 | |c Lê Văn Thạch | |
| 260 | |b Trường Đại học công nghiệp nhẹ | ||
| 260 | |c 1971 | ||
| 650 | |a oil and fat | ||
| 904 | |i Sáng, 980421 | ||
| 980 | |a Trung tâm Học liệu Trường Đại học Cần Thơ | ||